Statistiques concernant Clubs historiques #1 : Real Madrid

Cliquez ici pour prendre le quiz!

Statistiques générales

  • Ce quiz a été pris 276 fois
  • Le résultat moyen est 8 sur 10

Statistiques - réponses

QuestionRéponse% Correct
Nombre de ligues des champions14
95%
Meilleur buteurCristiano Ronaldo
94%
EntraîneurCarlo Ancelotti
93%
StadeSantiago-Bernabeù
92%
Meilleur buteur qui joue encore pour le clubKarim Benzema
90%
Joueur le plus cape jouant encore pour le clubKarim Benzema
85%
Nombre de championnats remportés35
71%
Joueur le plus capéRaùl
63%
Année de fondation1902
60%
Capacité (arrondir au millier supérieur ou inférieur)84 044
50%

Distribution des résultats

Percentile par nombre de réponses

% des personnes avec chaque résultat

Votre développement - résultats

Vous n’avez pas pris ce quiz